|
|
|
|
| LEADER |
01159pam a22002778a 4500 |
| 001 |
00045950 |
| 005 |
20201123081144.0 |
| 008 |
171005s2017 ||||||Viesd |
| 020 |
# |
# |
|c 50000
|
| 041 |
0 |
# |
|a Vie
|
| 082 |
1 |
4 |
|a 349.597
|b B103GI
|
| 100 |
1 |
# |
|a Phạm, Thị Tuyết Giang
|e Chủ biên
|
| 245 |
0 |
0 |
|b Lưu hành nội bộ
|a Bài giảng pháp luật Việt Nam đại cương
|c Phạm Thị Tuyết Giang, Đoàn Văn Nhật (ch.b)
|
| 250 |
# |
# |
|a Tái bản lần 1
|
| 260 |
# |
# |
|a Đồng Tháp
|c 2020
|
| 300 |
# |
# |
|a 168 tr.
|c 28 cm
|
| 500 |
# |
# |
|a ĐTTS ghi: Trường Đại học Đồng Tháp. Khoa Sư phạm Sử - Địa - Giáo dục Chính trị
|
| 653 |
# |
# |
|a Bài giảng
|
| 653 |
# |
# |
|a Pháp luật
|
| 653 |
# |
# |
|a Pháp lý
|
| 653 |
# |
# |
|a Việt Nam
|
| 653 |
# |
# |
|a Văn bản
|
| 700 |
1 |
# |
|a Đoàn, Văn Nhật
|e Chủ biên
|
| 852 |
# |
# |
|j KD.0027497
|j KGT.0060789
|j KGT.0060790
|j KGT.0060791
|j KGT.0060792
|j KGT.0060793
|j KGT.0060794
|j KGT.0060795
|j KGT.0060796
|j KGT.0060797
|j KGT.0060798
|
| 910 |
# |
# |
|d 23/11/2020
|
| 980 |
# |
# |
|a Trung tâm Học liệu Lê Vũ Hùng, Trường Đại học Đồng Tháp
|